| 000 | 00388nam a2200097 4500 | ||
|---|---|---|---|
| 084 |
_2CC _aX:89B4:(Y150r49(U42)).212 |
||
| 100 | _aRejitha,R S | ||
| 245 |
_aGender,power and social relations:Gender,power and social relations: _b A study of the female headed expatriates' households in Kerala |
||
| 260 |
_aUniversity of Kerala, _bDept. of Political science,Tvpm, _c2025 |
||
| 942 |
_2CC _c THES |
||
| 999 |
_c750475 _d750475 |
||